| 000 | 00647 a2200181 4500 | ||
|---|---|---|---|
| 001 | 142327 | ||
| 040 | _cLeonardo Da Vinci | ||
| 041 | _aPortuguês | ||
| 082 |
_a330 S578o _bS578o |
||
| 100 | _aSILVA, Adelphino Teixeira da | ||
| 245 | _aOrganização técnica e comercial | ||
| 250 | _a16.ed | ||
| 260 |
_bAtlas _c1978 _aSão Paulo |
||
| 300 | _a176 | ||
| 362 | _a19780000 | ||
| 697 |
_aEconomia _aAdministração comercial _aOrganização _aReorganização _aTrabalho _aEmpresa _aConstituição _aClassificação _aObtenção de capital _aEstoque _aTécnica comercial _aPropaganda _aTransporte _aSeguro _aImportação _aExportação _aFIPEN |
||
| 942 | _cBK | ||
| 999 |
_c142327 _d142327 |
||